[Event "FTX Crypto Cup KO 2021"]
[Site "chess24.com INT"]
[Date "2021.05.26"]
[Round "1.11"]
[White "Nepomniachtchi, Ian"]
[Black "Caruana, Fabiano"]
[Result "1-0"]
[WhiteTitle "GM"]
[BlackTitle "GM"]
[WhiteElo "2792"]
[BlackElo "2820"]
[WhiteFideId "4168119"]
[BlackFideId "2020009"]
[EventDate "2021.05.26"]

1. e4 e5 2. Nf3 Nf6 3. Nxe5 d6 4. Nf3 Nxe4 5. d4 d5 6. Bd3 Bd6 7. O-O O-O 8. c4
c6 9. Nc3 Nxc3 10. bxc3 dxc4 11. Bxc4 Bg4 12. h3 Bh5 13. g4 Bg6 14. Ne5 Bxe5 15.
dxe5 Qa5 16. Qd4 Na6 17. Bg5 b5 18. Be2 Rfe8 19. Bf3 Rac8 20. Rfe1 Nc7 21. Qb4
Qxb4 22. cxb4 Ne6 23. Be3 c5 24. bxc5 Nxc5 25. Rec1 Nd3 26. Rxc8 Rxc8 27. Bg2
Nxe5 28. f4 Nc4 29. Bxa7 f6 30. Rd1 Be8 31. Bd5+ Kf8 32. Bf2 Ke7 33. Rd3 h6 34.
Be1 Bc6 35. Bb4+ Ke8 36. Be6 Ra8 37. a3 Ra7 38. Kf2 Bd7 39. Bg8 f5 40. g5 hxg5
41. fxg5 g6 42. Kg3 Ra6 43. h4 Be6 44. Bh7 Kf7 45. Rd8 Rxa3+ 46. Bxa3 Nxa3 47.
Rd6 Nc4 48. Bxg6+ Ke7 49. Ra6 b4 50. Ra7+ Kd6 51. Rb7 Ne5 52. Be8 Nd3 53. Bf7
f4+ 54. Kh2 Bxf7 55. Rxf7 b3 56. Rb7 Nc5 57. Rb5 Kc6 58. Rb4 f3 59. g6 1-0

[Event "FTX Crypto Cup KO 2021"]
[Site "chess24.com INT"]
[Date "2021.05.26"]
[Round "1.11"]
[White "Vachier-Lagrave, Maxime"]
[Black "So, Wesley"]
[Result "1/2-1/2"]
[WhiteTitle "GM"]
[BlackTitle "GM"]
[WhiteElo "2760"]
[BlackElo "2770"]
[WhiteFideId "623539"]
[BlackFideId "5202213"]
[EventDate "2021.05.26"]

1. e4 e5 2. Nf3 Nc6 3. Bb5 Nf6 4. O-O Nxe4 5. Re1 Nd6 6. Nxe5 Be7 7. Bf1 Nxe5 8.
Rxe5 O-O 9. Nc3 Ne8 10. Nd5 Bd6 11. Re1 c6 12. Ne3 Be7 13. c4 Nc7 14. d4 d5 15.
cxd5 Bb4 16. Bd2 Bxd2 17. Qxd2 Nxd5 18. Nxd5 Qxd5 19. Re5 Qd6 20. Bc4 Bd7 21.
Rae1 Rae8 22. Qc3 Rxe5 23. dxe5 Qe7 24. Qa5 a6 25. Qb6 Bc8 26. h3 g6 27. a3 Rd8
28. Qe3 b5 29. Be2 c5 30. Rd1 Rxd1+ 31. Bxd1 h5 32. f4 Be6 33. Be2 c4 34. Qd4 a5
35. a4 bxa4 36. Bxc4 Bxc4 37. Qxc4 Qb4 38. Qc1 h4 39. Kh1 Qd4 40. Qc8+ Kg7 41.
Qc1 Kh7 42. Kh2 Kg7 43. Kh1 Kh7 44. Kh2 Kg7 45. Kh1 1/2-1/2

[Event "FTX Crypto Cup KO 2021"]
[Site "chess24.com INT"]
[Date "2021.05.26"]
[Round "1.12"]
[White "Caruana, Fabiano"]
[Black "Nepomniachtchi, Ian"]
[Result "1/2-1/2"]
[WhiteTitle "GM"]
[BlackTitle "GM"]
[WhiteElo "2820"]
[BlackElo "2792"]
[WhiteFideId "2020009"]
[BlackFideId "4168119"]
[EventDate "2021.05.26"]

1. e4 e6 2. d4 d5 3. e5 c5 4. c3 Nc6 5. Nf3 Bd7 6. Be2 Nge7 7. Na3 Ng6 8. Nc2
cxd4 9. cxd4 f6 10. h4 fxe5 11. h5 Nf4 12. dxe5 Nxe2 13. Qxe2 Qa5+ 14. Bd2 Qa4
15. Bc3 Be7 16. Nfd4 Nxd4 17. Nxd4 O-O 18. O-O Rf4 19. b3 Qa6 20. Qxa6 bxa6 21.
g3 Rg4 22. Kg2 Rg5 23. Rac1 Rxh5 24. Ba5 Be8 25. Rfe1 Rh6 26. b4 Rg6 27. Rc7 Bd8
28. Rb7 Bxa5 29. bxa5 h5 30. Rc1 h4 31. Rcc7 hxg3 32. fxg3 Bb5 33. Nxb5 axb5 34.
a6 Kh7 35. Rxb5 Rg5 36. Rbb7 d4 37. Rd7 Rc8 38. Rxd4 Rc3 39. Rxa7 Rgxg3+ 40. Kf2
Rcf3+ 41. Ke2 Ra3 42. Rd2 Rg5 43. Kd1 Rg1+ 44. Ke2 Rg5 45. Kd1 Rg1+ 46. Ke2 Rg5 1/2-1/2

[Event "FTX Crypto Cup KO 2021"]
[Site "chess24.com INT"]
[Date "2021.05.26"]
[Round "1.12"]
[White "So, Wesley"]
[Black "Vachier-Lagrave, Maxime"]
[Result "1/2-1/2"]
[WhiteTitle "GM"]
[BlackTitle "GM"]
[WhiteElo "2770"]
[BlackElo "2760"]
[WhiteFideId "5202213"]
[BlackFideId "623539"]
[EventDate "2021.05.26"]

1. d4 Nf6 2. c4 g6 3. Nc3 d5 4. cxd5 Nxd5 5. e4 Nxc3 6. bxc3 Bg7 7. Be3 c5 8.
Nf3 Qa5 9. Nd2 Nd7 10. Nb3 Qc7 11. Rc1 O-O 12. Be2 Nf6 13. f3 b6 14. dxc5 Nd7
15. cxb6 axb6 16. Qc2 Qa7 17. Ra1 Ba6 18. Bd4 Rfc8 19. O-O Bxe2 20. Qxe2 e5 21.
Be3 Rxc3 22. Rfc1 Rxc1+ 23. Rxc1 Qxa2 24. Qxa2 Rxa2 25. Rc7 Nf8 26. Bxb6 Rb2 27.
Rc3 Ne6 28. Be3 Bf8 29. Rd3 Rb1+ 30. Kf2 Nf4 31. Bxf4 exf4 32. g3 Rb2+ 33. Kg1
Bd6 34. Rxd6 Rxb3 35. Kg2 Rb2+ 36. Kh3 fxg3 37. hxg3 h5 38. g4 hxg4+ 39. Kxg4
Kg7 40. Kf4 Rb5 41. Kg4 Ra5 42. Kf4 Rb5 43. Kg4 Ra5 44. Kf4 Rb5 1/2-1/2

[Event "FTX Crypto Cup KO 2021"]
[Site "chess24.com INT"]
[Date "2021.05.26"]
[Round "1.12"]
[White "Radjabov, Teimour"]
[Black "Giri, Anish"]
[Result "1/2-1/2"]
[WhiteTitle "GM"]
[BlackTitle "GM"]
[WhiteElo "2765"]
[BlackElo "2780"]
[WhiteFideId "13400924"]
[BlackFideId "24116068"]
[EventDate "2021.05.26"]

1. d4 Nf6 2. c4 g6 3. Nc3 d5 4. Bg5 Bg7 5. e3 c5 6. Nf3 cxd4 7. Nxd4 Ne4 8. Bh4
Nxc3 9. bxc3 dxc4 10. Bxc4 O-O 11. O-O Qc7 12. Be2 Nc6 13. Rb1 a6 14. Qb3 Ne5
15. a4 Re8 16. Bg3 Qc5 17. Rfc1 Bd7 18. Qxb7 Bxa4 19. Qb4 Qxb4 20. cxb4 Nd7 21.
Ra1 Bxd4 22. Rxa4 Be5 23. Bxe5 Nxe5 24. Rxa6 Rxa6 25. Bxa6 Rb8 26. b5 Kf8 27. f4
Nd7 28. Rc8+ Rxc8 29. Bxc8 Ke8 30. Bb7 Kd8 31. Bd5 e6 32. Bc6 Nb8 33. Bf3 Kc7
34. Kf2 Kb6 35. Be2 Nd7 36. Kf3 Nc5 37. h4 Na4 38. Kg4 Nc3 39. Bd3 Nd1 40. Kg5
Nxe3 41. g3 Nd1 42. Kf6 Nf2 43. Bc2 Nh1 44. g4 Nf2 45. g5 Nh3 46. Kxf7 Nxf4 47.
Kf6 Kxb5 48. Bb3 Ng2 49. Bxe6 Nxh4 50. Bg8 Nf3 51. Bxh7 Nxg5 52. Kxg5 Kb4 53.
Bxg6 1/2-1/2

[Event "FTX Crypto Cup KO 2021"]
[Site "chess24.com INT"]
[Date "2021.05.26"]
[Round "1.13"]
[White "Vachier-Lagrave, Maxime"]
[Black "So, Wesley"]
[Result "0-1"]
[WhiteTitle "GM"]
[BlackTitle "GM"]
[WhiteElo "2760"]
[BlackElo "2770"]
[WhiteFideId "623539"]
[BlackFideId "5202213"]
[EventDate "2021.05.26"]

1. e4 e5 2. Nf3 Nc6 3. Bb5 Nf6 4. O-O Nxe4 5. d4 Nd6 6. Bxc6 dxc6 7. dxe5 Nf5 8.
Qxd8+ Kxd8 9. h3 Bd7 10. Rd1 Be7 11. g4 Nh4 12. Nxh4 Bxh4 13. Nd2 Kc8 14. Ne4 h6
15. a4 a5 16. Nc5 Be8 17. b3 b6 18. Nd3 c5 19. Bb2 h5 20. f3 Kb7 21. Kg2 Bc6 22.
Bc3 f5 23. gxf5 Raf8 24. e6 Rxf5 25. Ne5 Re8 26. Nxc6 Kxc6 27. Rd2 Rxe6 28. Rf1
Be1 29. Rd3 Re2+ 30. Kh1 Bxc3 31. Rxc3 Rd5 32. f4 Rdd2 33. Rg3 Rxc2 34. Kg1 Re7 0-1

[Event "FTX Crypto Cup KO 2021"]
[Site "chess24.com INT"]
[Date "2021.05.26"]
[Round "1.13"]
[White "Giri, Anish"]
[Black "Radjabov, Teimour"]
[Result "1/2-1/2"]
[WhiteTitle "GM"]
[BlackTitle "GM"]
[WhiteElo "2780"]
[BlackElo "2765"]
[WhiteFideId "24116068"]
[BlackFideId "13400924"]
[EventDate "2021.05.26"]

1. e4 e5 2. Nf3 Nc6 3. Bb5 Nf6 4. O-O Nxe4 5. d4 Nd6 6. Bxc6 dxc6 7. dxe5 Nf5 8.
Qxd8+ Kxd8 9. h3 Ke8 10. Nc3 h5 11. Bf4 Be7 12. Rad1 Be6 13. Ng5 Rh6 14. Rfe1
Rd8 15. Rxd8+ Kxd8 16. Nxe6+ Rxe6 17. g4 Nh4 18. Re3 Rg6 19. Rg3 hxg4 20. hxg4
Ke8 21. Kf1 Re6 22. Re3 Rg6 23. f3 f5 24. exf6 Rxf6 25. Ne2 Kf7 26. Rd3 Bc5 27.
Rd7+ Kg8 28. Rxc7 Ng6 29. Bg3 Rxf3+ 30. Kg2 Re3 31. Kf1 Rf3+ 32. Kg2 Re3 33. Kf1
Rf3+ 1/2-1/2

[Event "FTX Crypto Cup KO 2021"]
[Site "chess24.com INT"]
[Date "2021.05.26"]
[Round "1.14"]
[White "Caruana, Fabiano"]
[Black "Nepomniachtchi, Ian"]
[Result "1-0"]
[WhiteTitle "GM"]
[BlackTitle "GM"]
[WhiteElo "2820"]
[BlackElo "2792"]
[WhiteFideId "2020009"]
[BlackFideId "4168119"]
[EventDate "2021.05.26"]

1. e4 e6 2. d4 d5 3. e5 c5 4. c3 Nc6 5. Nf3 Bd7 6. Be2 Nge7 7. Na3 cxd4 8. cxd4
f6 9. exf6 gxf6 10. O-O Bg7 11. Nc2 O-O 12. b4 a6 13. a4 e5 14. Ba3 e4 15. Nd2
f5 16. Nb3 Ng6 17. f4 Nce7 18. a5 Ba4 19. Ne3 Qc7 20. Rc1 Qd6 21. g3 Rac8 22.
Rc5 Rxc5 23. bxc5 Qe6 24. c6 Qxc6 25. Bc5 Rc8 26. Qb1 Bb5 27. Nc1 Bxe2 28. Nxe2
Qd7 29. Qb3 Kh8 30. Rb1 Nc6 31. Qxb7 Qxb7 32. Rxb7 Nxa5 33. Rd7 Nb3 34. Nxf5 Bf6
35. Bd6 a5 36. Ra7 h5 37. Be5 Bxe5 38. dxe5 Rc2 39. Ned4 Nxd4 40. Nxd4 Rd2 41.
Nf5 d4 42. e6 e3 43. e7 Nxe7 44. Rxe7 a4 45. Nxd4 Rxd4 46. Rxe3 h4 47. Kg2 Rd8
48. g4 Rb8 49. Re4 Ra8 50. Re2 a3 51. Ra2 Kg7 52. Kh3 Kg6 53. Kxh4 Ra4 54. Kg3
Kf6 55. h4 Kg6 56. h5+ Kf6 57. Kh4 Ra8 58. f5 Kg7 59. g5 Ra4+ 60. Kg3 Kf7 61. h6
Kg8 62. g6 Kh8 63. Kf3 Kg8 64. f6 Kh8 65. Re2 Ra8 66. f7 1-0

[Event "FTX Crypto Cup KO 2021"]
[Site "chess24.com INT"]
[Date "2021.05.26"]
[Round "1.14"]
[White "So, Wesley"]
[Black "Vachier-Lagrave, Maxime"]
[Result "1-0"]
[WhiteTitle "GM"]
[BlackTitle "GM"]
[WhiteElo "2770"]
[BlackElo "2760"]
[WhiteFideId "5202213"]
[BlackFideId "623539"]
[EventDate "2021.05.26"]

1. d4 e6 2. Nf3 Nf6 3. c4 c5 4. d5 exd5 5. cxd5 d6 6. Nc3 g6 7. e4 Bg7 8. h3 O-O
9. Bd3 a6 10. a4 Nbd7 11. O-O Qc7 12. Re1 c4 13. Bf1 Re8 14. Bf4 Rb8 15. Bh2 b5
16. axb5 axb5 17. Nd4 Qc5 18. Nc6 Bb7 19. Nxb8 Rxb8 20. Ra5 Bc8 21. Qa1 Ne8 22.
Ra8 Bd4 23. Bg3 Nef6 24. Rxb8 Nxb8 25. Ne2 Be5 26. Bxe5 dxe5 27. b4 Qxb4 28. Rb1
Qc5 29. Qxe5 Nbd7 30. Qd4 1-0